5 Seconds of Summer (5SOS) - NOT OK - All lyrics - Statistics

General Stats
  • This quiz has been taken 139 times
  • The average score is 349 of 428
Answer Stats
Answer % Correct
I
100%
I,
100%
a
99%
the
99%
not
98%
I'm
96%
me
96%
me,
96%
okay
96%
when
96%
you
96%
You
96%
you,
96%
to
95%
Hey,
94%
hey,
94%
hey
94%
of
94%
Comes
93%
comes
93%
in
93%
out
93%
that
93%
like
90%
my
90%
with
90%
baby
89%
side
89%
apple,
88%
bite
88%
(Bite,
88%
bite,
88%
bite)
88%
Bite
88%
Bite,
88%
go?
87%
play
87%
and
85%
And
85%
feel
85%
it
85%
on
85%
On
85%
part
85%
uh
85%
Oh
84%
darker
83%
up
80%
up,
80%
up?
80%
wanna
80%
make
79%
god,
78%
It's
77%
jump,
77%
jump
77%
did
76%
every
76%
Where
76%
invincible
74%
sun
74%
1
73%
fire
73%
good
73%
by
72%
one
72%
better
71%
call
71%
edge
71%
into
71%
boy
70%
desire
70%
Inside
70%
toe
70%
us
68%
will
68%
despicable
67%
all
66%
All
66%
brain,
66%
brain
66%
dip
66%
insane
65%
enough,
63%
if
63%
pick
63%
shadow
63%
together,
63%
we
63%
are
62%
heart
62%
Killed
62%
or
62%
tie
62%
But
61%
but
61%
double
61%
is
61%
put
61%
genie
60%
little
60%
suit
60%
take
60%
down,
59%
hammer
59%
said
59%
think
59%
think,
59%
homicide
57%
parasite?
57%
time?
57%
alive
55%
dream
55%
for
55%
should
55%
got
54%
Got
54%
I'll
54%
keep
54%
love
54%
now,
54%
ride
54%
Let's
52%
Girl,
50%
didn't
49%
mean
49%
Why
49%
closing
48%
night
48%
really
48%
after
46%
can
46%
don't
46%
emphasize
46%
crazy
45%
slows
45%
staying
45%
morning
44%
line,
43%
Lucifer
43%
hours
39%
pause
39%
turn
39%
4
35%
over
34%
give
32%
Anyways,
29%
city
29%
Alright,
26%
these
26%
sip
20%
wheels
18%
rolling
17%
No matching quizzes found
Score Distribution
Percent of People with Each Score
Percentile by Number Answered
Your Score History
You have not taken this quiz